Palmarès de la Liga - Statistiques

Statistiques générales
  • Ce quiz a été pris 247 fois
    83 depuis la dernière actualisation
  • Le résultat moyen est 8 sur 9
Statistiques - réponses
Clubs Titre(s) % Correct
Atlético Madrid 11
100%
FC Barcelone 27
100%
Real Madrid 36
100%
Athletic Bilbao 8
90%
Séville 1
90%
Valence 6
86%
Real Betis 1
83%
Deportivo La Corogne 1
60%
Real Sociedad 2
60%
Aucun quiz correspondant
Distribution des résultats
% des personnes avec chaque résultat
Percentile par nombre de réponses
Votre historique - résultats
Vous n’avez pas pris ce quiz depuis la dernière actualisation